000 00948nam a2200277 i 4500
003 DO-SdBNP
005 20231031125642.0
007 ta
008 231030b2019 dr ||||| |||| 00| 0 spa d
040 _aDO-SdBNP
_bspa
_cBNPHU
_erda
082 4 _aRD861.5
_bM668v
_222
100 _aMinyetty, Juan Ysdro,
_eautor
_984548
245 1 0 _aVersos intimus de amores y desengaños /
_cJuan Ysidro Minyetty
264 _aSanto Domingo :
_beditor no identificado,
_c2019.
300 _a110 páginas ;
_c21 cm.
336 _2rdacontent
_atexto
_btxt
337 _2rdamedia
_asin mediación
_bn
338 _2rdacarrier
_avolumen
_bnc
500 _aIncluye datos biográficos del autor en las solapas
590 _aLa biblioteca posee 3 ejemplares autográfiados por el autor
590 _aInventariado, 2023/BT
650 4 _aPoesía dominicana
650 4 _aLiteratura dominicana
910 _aBtavárez/Validado. Control de calidad MFF
942 _2ddc
_cLBS1
999 _c55331
_d55331